The sociology of social problems : theoretical perspectives and methods of intervention

Αποθηκεύτηκε σε:
Λεπτομέρειες βιβλιογραφικής εγγραφής
Κύριος συγγραφέας: Jamrozik, Adam
Άλλοι συγγραφείς: Nocella, Luisa 1973-
Μορφή: Βιβλίο
Γλώσσα:English
Δημοσίευση: Cambridge : Cambridge University Press, c1998
Θέματα:
Ετικέτες: Προσθήκη ετικέτας
Δεν υπάρχουν, Καταχωρήστε ετικέτα πρώτοι!

MARC

LEADER 00000cam a2200000 i 4500
001 1/58136
008 020208s1998 eng d
020 |a 0-521-59932-6 (pbk) 
035 |l 10000278 
040 |a GR-MY-UA  |b gre  |e aacr 
041 0 |a eng 
082 0 |a 361.1 
100 1 |a Jamrozik, Adam. 
245 1 4 |a The sociology of social problems :  |b theoretical perspectives and methods of intervention /  |c Adam Jamrozik and Luisa Nocella 
260 |a Cambridge :   |b Cambridge University Press,   |c c1998 
300 |a xii, 241 σ.;  |b εικ. πιν.;  |c 23 εκ. 
504 |a Περιέχει βιβλιογραφικές παραπομπές και ευρετήριο 
650 0 0 |a Social problems. 
650 0 0 |a Sociology  |x Philosophy. 
650 0 0 |a Sociology  |x Methodology. 
700 1 |a Nocella, Luisa  |d 1973- 
852 |a INST  |b LESVOS  |e 20020208  |h 301.01 JAM  |p 005100028381  |q 005100028381  |t BK  |y 0 
901 |a BIBL1-2002-1 
909 |a Λ  |b 099605 
970 |a ΜΟΥΣΤΑΚΑ  |b ΠΗΝΕΛΟΠΗ  |z 2002/02/08